LDR 01042naa#a2200181#i#450# 001 RU\\bibl\121466 005 20260514071804.4 011 ## _a1994-4683 100 ## _a20230531b2023####ek#y0rusy0150####ca 102 ## _aRU 200 1# _aРАЗВИТИЕ ДВИГАТЕЛЬНЫХ ФУНКЦИЙ В ПРОЦЕССЕ ФИЗИЧЕСКОГО ВОСПИТАНИЯ У ДЕТЕЙ 14-16ЛЕТ С АУТИЗМОМ _eЖурнальная статья 210 1# _aМосква _cНациональный государственный Университет физической культуры, спорта и здоровья им. П.Ф. Лесгафта _d2023 215 ## _a6 с. 608 ## _aЖурнальная статья _2local 675 ## _aДвигательные способности (двигательные, физические качества, соответствующие определенным требованиям). 796.012.1 _z 700 #1 _aСубботина _gА С 700 #1 _aКоноплева _gЕ Г 856 4# _auchzapiski.lesgaft.spb.ru _u